01285nam a22001937a 450000500170000000800410001702000180005805000200007610000030009624500910009925000120019026000460020230000350024850000190028350507290030270000190103170000200105070000210107020230613151937.0230613b ||||| |||| 00| 0 eng d a9780077161095 aHD30.28.D47(7e)  aStrategic management: creating competitive advantages / cGregory G. Dess ... [et al.] a7th ed. aNew York :bMcGraw-Hill Education,c2014. axxix, 452 p. :bill. ;c26 cm. aInclude index. aContents: Part 1: Stategic analysis: Strategic management: creating competitive advantages -- Analysizing the external environment of the firm -- Assessing the internal environment of the firm -- Recognizing a firm's intellectual assets: moving beyond a firm's tangible resources -- Part 2: Strategic formulation: Business-level strategy: creating and sustaining competitive advantages -- Part 3: Strategic implementation: Strategic control and corporate governance -- Creating effective organizational designs -- Strategic leadership: creating a learning organization and an ethical organization -- Managing innovation and fostering corporate entrepreneurship -- Part 4: Case analysis: Analyzing strategic management cases. aLumpkin, G. T. aEisner, Alan B. aMcNamara, Gerry.